000
00241nam a22000977a 4500
999
_c
516898
_d
516898
082
_a
TNC BA27 L496
100
_a
Lecomte, du Nouy
_9
23731
245
_a
Human destiny
_c
By Lecomte du Nouy
260
_a
New York
_b
Longmans
_c
1947
300
_a
289p.